ARRUPE JESUIT UNIVERSITY

CORONAVIRUS -STOP THE SPREAD - CLEAN,DISINFECT,COVER

Dialogue of comfort against tribulation / (Record no. 4187)

MARC details
000 -LEADER
fixed length control field 00862cam a2200265 i 4500
001 - CONTROL NUMBER
control field 3256514
005 - DATE AND TIME OF LATEST TRANSACTION
control field 20170712083600.0
008 - FIXED-LENGTH DATA ELEMENTS--GENERAL INFORMATION
fixed length control field 801023r19791951enk 000 0 eng
010 ## - LIBRARY OF CONGRESS CONTROL NUMBER
LC control number 80504326
015 ## - NATIONAL BIBLIOGRAPHY NUMBER
National bibliography number GB79-29201
020 ## - INTERNATIONAL STANDARD BOOK NUMBER
International Standard Book Number 0722079044 (pbk.) :
Terms of availability £3.50
040 ## - CATALOGING SOURCE
Original cataloging agency DLC
Transcribing agency DLC
Modifying agency DLC
050 00 - LIBRARY OF CONGRESS CALL NUMBER
Classification number BV4904
Item number .M62 1979
082 00 - DEWEY DECIMAL CLASSIFICATION NUMBER
Classification number 248.4/8206
Edition number 19
100 1# - MAIN ENTRY--PERSONAL NAME
Personal name More, Thomas,
Titles and other words associated with a name Saint,
Dates associated with a name 1478-1535.
9 (RLIN) 32859
245 10 - TITLE STATEMENT
Title Dialogue of comfort against tribulation /
Statement of responsibility, etc [by] St. Thomas More ; edited [by] Monica Stevens.
260 ## - PUBLICATION, DISTRIBUTION, ETC. (IMPRINT)
Place of publication, distribution, etc London :
Name of publisher, distributor, etc Sheed and Ward,
Date of publication, distribution, etc 1979.
300 ## - PHYSICAL DESCRIPTION
Extent vii, 262 p. ;
Dimensions 20 cm.
490 0# - SERIES STATEMENT
Series statement Spiritual masters
500 ## - GENERAL NOTE
General note Originally published in 1951.
650 #0 - SUBJECT ADDED ENTRY--TOPICAL TERM
Topical term or geographic name as entry element Consolation.
9 (RLIN) 32857
700 1# - ADDED ENTRY--PERSONAL NAME
Personal name Stevens, Monica.
9 (RLIN) 32860
906 ## - LOCAL DATA ELEMENT F, LDF (RLIN)
a 7
b cbc
c orignew
d 4
e ncip
f 19
g y-gencatlg
942 ## - ADDED ENTRY ELEMENTS (KOHA)
Source of classification or shelving scheme Library of Congress Classification
Item type Monograph ( Printed materials)
Holdings
Withdrawn status Lost status Source of classification or shelving scheme Damaged status Not for loan Collection code Home library Current library Shelving location Date acquired Total Checkouts Full call number Barcode Date last seen Copy number Price effective from Koha item type
    Library of Congress Classification     Main Collection ARRUPE LIBRARY ARRUPE LIBRARY   27/02/2013   B785.M83D5 1979 46405319 27/02/2013 1 27/02/2013 Monograph ( Printed materials)

 

Arrupe Library. PO Box MP320 Mt Pleasant, Harare, Zimbabwe
263 242 745411|librarian@aju.ac.zw